<?xml version="1.0" encoding="UTF-8"?>
<record
    xmlns:xsi="http://www.w3.org/2001/XMLSchema-instance"
    xsi:schemaLocation="http://www.loc.gov/MARC21/slim http://www.loc.gov/standards/marcxml/schema/MARC21slim.xsd"
    xmlns="http://www.loc.gov/MARC21/slim">

  <leader>01802nam a2200349 i 4500</leader>
  <controlfield tag="001">197738</controlfield>
  <controlfield tag="003">ES-ScRBPG</controlfield>
  <controlfield tag="005">20250901063143.0</controlfield>
  <controlfield tag="007">ta</controlfield>
  <controlfield tag="008">250425s2025    sp  |||er|||| 000 0dspa d</controlfield>
  <datafield tag="017" ind1=" " ind2=" ">
    <subfield code="a">M 3256-2025</subfield>
    <subfield code="b">Oficina Dep&#xF3;sito Legal Madrid</subfield>
  </datafield>
  <datafield tag="020" ind1=" " ind2=" ">
    <subfield code="a">9788412841992</subfield>
  </datafield>
  <datafield tag="040" ind1=" " ind2=" ">
    <subfield code="b">glg</subfield>
    <subfield code="a">BPO</subfield>
    <subfield code="c">ES-MaACL</subfield>
  </datafield>
  <datafield tag="080" ind1=" " ind2=" ">
    <subfield code="a">821.134.2(899)-4</subfield>
  </datafield>
  <datafield tag="100" ind1="1" ind2=" ">
    <subfield code="9">166869</subfield>
    <subfield code="a">Vitale, Ida, </subfield>
    <subfield code="d">1923-</subfield>
    <subfield code="e">aut</subfield>
  </datafield>
  <datafield tag="245" ind1="1" ind2="3">
    <subfield code="a">La ley de Heisenberg / </subfield>
    <subfield code="c">Ida Vitale.</subfield>
  </datafield>
  <datafield tag="250" ind1=" " ind2=" ">
    <subfield code="a">Primera edici&#xF3;n</subfield>
  </datafield>
  <datafield tag="260" ind1=" " ind2=" ">
    <subfield code="a">Madrid : </subfield>
    <subfield code="b">Ampersand, </subfield>
    <subfield code="c">2025.</subfield>
  </datafield>
  <datafield tag="300" ind1=" " ind2=" ">
    <subfield code="a">196 p&#xE1;ginas ; </subfield>
    <subfield code="c">20 cm.</subfield>
  </datafield>
  <datafield tag="336" ind1=" " ind2=" ">
    <subfield code="a">texto</subfield>
    <subfield code="2">rdacontent</subfield>
  </datafield>
  <datafield tag="337" ind1=" " ind2=" ">
    <subfield code="a">sen mediaci&#xF3;n</subfield>
    <subfield code="2">rdamedia</subfield>
  </datafield>
  <datafield tag="338" ind1=" " ind2=" ">
    <subfield code="a">volume</subfield>
    <subfield code="2">rdacarrier</subfield>
  </datafield>
  <datafield tag="490" ind1="1" ind2=" ">
    <subfield code="a">Colecci&#xF3;n Lector&amp;s</subfield>
  </datafield>
  <datafield tag="520" ind1="3" ind2=" ">
    <subfield code="a">Detr&#xE1;s de todos os libros que leu na s&#xFA;a vida Ida Vitale hai unha nena encandeada pola abundancia de autores que poboaron unha vez a biblioteca familiar. Pero a lectura non est&#xE1; feita tan s&#xF3; de tramas, sen&#xF3;n do misterio dun poema repetido sen entender durante anos, que desatou co tempo a paix&#xF3;n da lingua na poes&#xED;a. Este libro ensina a ler sen prexu&#xED;zos, a deixarse levar pola imaxinaci&#xF3;n palpando os libros ata deixalos impresos para sempre na memoria sensorial. Porque La ley de Heisenberg non &#xE9; s&#xF3; un repaso de lecturas que a autora v&#xE9;n realizando desde hai d&#xE9;cadas, sen&#xF3;n a revelaci&#xF3;n dunha po&#xE9;tica que liga o principio de incerteza coa literatura e coa vida. </subfield>
  </datafield>
  <datafield tag="655" ind1=" " ind2="0">
    <subfield code="a">Ensayos</subfield>
    <subfield code="9">176636</subfield>
  </datafield>
  <datafield tag="852" ind1=" " ind2=" ">
    <subfield code="a">ES-MaACL</subfield>
    <subfield code="c">DEPOJ</subfield>
    <subfield code="j">N-10603</subfield>
    <subfield code="x">Encuadernaci&#xF3;n r&#xFA;stica con solapas</subfield>
    <subfield code="9">206726</subfield>
    <subfield code="h">Donaci&#xF3;n: Editorial</subfield>
  </datafield>
  <datafield tag="942" ind1=" " ind2=" ">
    <subfield code="n">0</subfield>
    <subfield code="c">MONOGRAFIA</subfield>
  </datafield>
  <datafield tag="999" ind1=" " ind2=" ">
    <subfield code="c">197738</subfield>
    <subfield code="d">197738</subfield>
  </datafield>
  <datafield tag="952" ind1=" " ind2=" ">
    <subfield code="0">0</subfield>
    <subfield code="1">0</subfield>
    <subfield code="2">udc</subfield>
    <subfield code="4">0</subfield>
    <subfield code="7">0</subfield>
    <subfield code="a">ATENEOM</subfield>
    <subfield code="b">ATENEOM</subfield>
    <subfield code="c">DEPOJ</subfield>
    <subfield code="d">2025-08-30</subfield>
    <subfield code="e">DONACION</subfield>
    <subfield code="l">0</subfield>
    <subfield code="o">N-10603</subfield>
    <subfield code="p">2025-1102</subfield>
    <subfield code="r">2025-08-30 00:00:00</subfield>
    <subfield code="w">2025-08-30</subfield>
    <subfield code="y">MONOGRAFIA</subfield>
  </datafield>
</record>
